War and Peace (Record no. 13438)

MARC details
000 -LEADER
fixed length control field 00347nam a22001577a 4500
003 - CONTROL NUMBER IDENTIFIER
control field OSt
008 - FIXED-LENGTH DATA ELEMENTS--GENERAL INFORMATION
fixed length control field 250425b |||||||| |||| 00| 0 eng d
020 ## - INTERNATIONAL STANDARD BOOK NUMBER
International Standard Book Number 9780140447934
100 ## - MAIN ENTRY--PERSONAL NAME
Personal name TOLSTOY,Leo
245 ## - TITLE STATEMENT
Title War and Peace
250 ## - EDITION STATEMENT
Edition statement 5th
260 ## - PUBLICATION, DISTRIBUTION, ETC. (IMPRINT)
Place of publication, distribution, etc United kingdom
Name of publisher, distributor, etc Penguin
Date of publication, distribution, etc 2005
300 ## - PHYSICAL DESCRIPTION
Extent 1399
650 ## - SUBJECT ADDED ENTRY--TOPICAL TERM
Topical term or geographic name as entry element General
942 ## - ADDED ENTRY ELEMENTS (KOHA)
Source of classification or shelving scheme Dewey Decimal Classification
Koha item type Text Books
Holdings
Withdrawn status Lost status Source of classification or shelving scheme Damaged status Not for loan Collection code Home library Current library Date acquired Source of acquisition Currency Cost, normal purchase price Bill Number Total Checkouts Full call number Acc. no. / Barcode Date last seen Actual Cost, discounted price Bill Date Koha item type
    Dewey Decimal Classification     Book Club and Indian Knowledge System PIET C-LIBRARY PIET C-LIBRARY 19/04/2025 ZAFAA BOOKS INR 599.00 ZBD0072   891.733 TOW CL11 25/04/2025 499.25 19/04/2025 Text Books

Design & Developed by: PIET Central Library
R70 Miles Stone Pattikalyana Samalkha Panipat 132102
mail ID :- [email protected], Phone No:- 0180-2569700 Ex.216